Statistiques concernant Villes du Monde sur une carte par lettre - S

Cliquez ici pour prendre le quiz!

Statistiques générales

  • Ce quiz a été pris 11 204 fois
  • Le résultat moyen est 14 sur 32

Réponses sur la Carte

Les réponses sont colorées sur une échelle allant du rouge au vert en fonction du pourcentage des utilisateurs qui les ont devinées à leur premier essai. Vous pouvez retrouver ces pourcentages ci-dessous.
 

Statistiques - réponses

Villes% Correct
Sydney
83%
São Paulo
78%
San Francisco
76%
Séoul
76%
Séville
74%
Strasbourg
72%
Santiago
67%
Stockholm
67%
Seattle
66%
Shanghai
63%
Saint-Pétersbourg
61%
Singapour
61%
Sarajevo
57%
Sofia
54%
San Diego
49%
Sucre
46%
Sanaa
45%
San José
38%
Salzbourg
37%
Saragosse
36%
Saint-Domingue
33%
Salvador
29%
Sébastopol
25%
Shenzhen
23%
Suez
23%
Sheffield
21%
Sapporo
20%
Sotchi
18%
Sfax
16%
St. John's
10%
Surabaya
8%
Sherbrooke
7%

Distribution des résultats

Percentile par nombre de réponses

% des personnes avec chaque résultat

Votre développement - résultats

Vous n’avez pas pris ce quiz